000 00800cam a22002657i 4500
942 _cBK
999 _c467
_d467
001 18805806
003 OSt
005 20250420134811.0
008 151002t20162016maua b 001 0 eng c
010 _a 2015953614
020 _a9780321927705
035 _a(OCoLC)ocn857347878
040 _aYDXCP
_beng
_cKCST
050 0 0 _aQA76.73. D23
_bB73 2016
082 _a005.133
_bBr Da
100 1 _aBracha, Gilad,
_eauthor.
_94610
245 1 4 _aThe Dart programming language /
_cGilad Bracha.
260 _aBoston :
_bAddison-Wesley,
_c2016.
300 _axix, 201 pages :
_billustrations ;
_c24 cm
504 _aIncludes bibliographical references (pages 191-193) and index.
650 0 _aDart (Computer program language)
_94611
650 0 _aComputer programming.
_94612
942 _2ddc